000 01433nam a2200217Ia 4500
003 Ost
005 20260416102356.0
008 260416s9999||||xx |||||||||||||| ||und||
040 _cfsecg
041 _aara
082 _a510
100 _aسالمي، ياسين
_eمؤلف
245 0 _aالرياضيات المالية /
_c ياسين سالمي
260 _aالجزائر
_bجامعة الجزائر3: كلية العلوم الإقتصادية، العلوم التجارية وعلوم التسيير
_c2021
300 _a132 ورقة
_bايضاحات
_c30 سم
504 _aمراجع ص.130
520 _aالعمليات المالية قصيرة الاجل : الفائدة البسيطة ، الخصم التجاري ، تكافؤ الاوراق التجارية و كذا العمليات المالية طويلة الاجل : الفائدة المركبة ، الدفعات ، إهتلاك القروض ، اختيار الاستثمارات ( المشاريع) السلسلة الاولى : العمليات المالية قصيرة الاجل ، السلسلة الثانية : العمليات المالية طويلة الاجل مع وجود تمارين للمراجعة.
653 _aالرياضيات المالية
710 _aجامعة الجزائر3: كلية العلوم الإقتصادية، العلوم التجارية وعلوم التسيير
_eناشر علمي
942 _cHANDOUT
999 _c41236
_d41236